Advanced training in fire fighting (Model Course 2.03 plus compendium) (Record no. 123)

000 -LEADER
fixed length control field 00543 a2200169 4500
008 - FIXED-LENGTH DATA ELEMENTS--GENERAL INFORMATION
fixed length control field 200915b ||||| |||| 00| 0 eng d
020 ## - INTERNATIONAL STANDARD BOOK NUMBER
International Standard Book Number 9789280150872
082 00 - DEWEY DECIMAL CLASSIFICATION NUMBER
Classification number 623.8886
Item number I339
110 ## - MAIN ENTRY--CORPORATE NAME
9 (RLIN) 76
Corporate name or jurisdiction name as entry element International Maritime Organization
245 ## - TITLE STATEMENT
Title Advanced training in fire fighting (Model Course 2.03 plus compendium)
250 ## - EDITION STATEMENT
Edition statement 2nd ed.
260 ## - PUBLICATION, DISTRIBUTION, ETC. (IMPRINT)
Name of publisher, distributor, etc International Maritime Organization:
Date of publication, distribution, etc 2000.
Place of publication, distribution, etc London,
300 ## - PHYSICAL DESCRIPTION
Extent v,118 p.
490 0# - SERIES STATEMENT
Series statement Model Course 2.03
650 #0 - SUBJECT ADDED ENTRY--TOPICAL TERM
Topical term or geographic name as entry element Marine Engineers - Training
General subdivision Firefighting
942 ## - ADDED ENTRY ELEMENTS (KOHA)
Source of classification or shelving scheme
Item type Books
Holdings
Withdrawn status Lost status Source of classification or shelving scheme Damaged status Not for loan Permanent location Current location Date acquired Source of acquisition Cost, normal purchase price Full call number Barcode Date last seen Cost, replacement price Koha item type Total Checkouts Date last borrowed
          IMU Kolkata IMU Kolkata 2018-04-19 Apex Book Services 1449.35 623.8886 I339 12897 2019-09-09 1449.35 Books    
          IMU Kolkata IMU Kolkata 2018-04-19 Apex Book Services 1449.35 623.8886 I339 12898 2019-09-09 1449.35 Books    
          IMU Kolkata IMU Kolkata 2002-09-10 Jyoti, the Book People   623.89 I339 09359 2024-05-10 1852.64 Books 1 2023-12-13
Designed and Maintained by IMU-KC Library, Kolkata Campus © Copyright All Rights Reserved

webs counters

Powered by Koha